Statistics for Christmas Facts #2

Click here to take the quiz!

General Stats

  • This quiz has been taken 453 times
    (346 since last reset)
  • The average score is 7 of 8

Answer Stats

HintAnswer% Correct
What you do under a mistletoeKiss
99%
A popular drink that's only available around ChristmasEgg Nog
97%
Reindeer that begins with VVixen
95%
Number of reindeer that pull Santa's sleigh9
90%
The kind of Christmas Bing Crosby dreams ofWhite
89%
All I want for Christmas is my . . .Two Front Teeth
85%
Merry Christmas in SpanishFeliz Navidad
82%
Santa's real nameKris Kringle
40%

Score Distribution

Percentile by Number Answered

Percent of People with Each Score

Your Score History

You have not taken this quiz since the last reset